Songs from Hybrid Theory - Sudden Death - Statistics

General Stats
  • This quiz has been taken 44 times
  • The average score is 4 of 6
Answers on the Grid
Answers color-coded by a green-red scale on the quiz's grid according to % correct below.
Papercut
In the End
Forgotten
Cure for the Itch
A Place for My Head
With You
Numb
In My End
I Hate Everything About You
What I've Done
My December
Cure for an Itch
 
Answer Stats
Answer % Correct
In the End
90%
Papercut
87%
A Place for My Head
67%
With You
63%
Forgotten
60%
Cure for the Itch
40%
No matching quizzes found
Score Distribution
Percent of People with Each Score
Percentile by Number Answered
Your Score History
You have not taken this quiz